"Der Dümmste Fliegt" Teil 3 - Alle Fragen - Statistiken

Allgemein
  • Dieses Quiz wurde 112 mal gespielt
  • Das Durchschnittsergebnis liegt bei 39 aus 69
Antwortstatistiken
Hint Antwort % Korrekt
Welche Farbe haben Tennisbälle normalerweise? Gelb
99%
Wie lautet der Codename von James Bond? 007
88%
Wie viele Flügel hat ein Schmetterling? [Zahl ausschreiben] Vier
86%
Wer zeigt einem, wann man an einer Straße stehen bleiben muss und wann man gehen darf? Ampel
82%
Wie viel Punkte erhält man, wenn man in die Mitte der Dartscheibe trifft? 50
78%
In welcher Stadt steht der schiefe Turm? Pisa
78%
In welcher Stadt steht das Brandenburger Tor? Berlin
77%
Bei welcher Sportart muss man 10 Pins abräumen? Bowling
77%
Wie nennt man die Mitte der Dartscheibe? Bullseye
77%
[Vervollständige:] Der Schuh des ...? Manitu
77%
Wo wird das Oktoberfest gefeiert? München
77%
Dirk Nowitzki ist ein Basketballer aus welchem Land? Deutschland
76%
Wie viele Tage hat der Monat April? [Zahl ausschreiben] Dreißig
76%
Wie wird ein Irrgarten auch bezeichnet? Labyrinth
75%
Womit werden in der Schönheits-Chirurgie Falten weggespritzt? Botulinumtoxin (Botox) / Hyaluronsäure
74%
Vervollständige: Joko und ...? Klaas
73%
Wie viele Minuten hat eine Halbzeit im Fußball? 45
71%
In welchem Land sind Kühe heilig? Indien
71%
Welche Schauspieler spielte "Captain Jack Sparrow"? Johnny Depp
71%
Welche Band ist bekannt für Hits wie "We Will Rock You" und "Bohemian Rhapsody"? Queen
71%
Wie heißt der größte See Deutschlands? Bodensee
70%
Wer malte die Mona Lisa? Leonardo da Vinci
70%
Welche Frucht wird zum Herstellen von Guacamole verwendet? Avocado
69%
Welches Bundesland hat die meisten Schlösser? Bayern
69%
Welches Vitamin wird hauptsächlich durch Sonnenlicht im menschlichen Körper produziert? Vitamin D
69%
Wofür steht HSV? Hamburger Sportverein
68%
Welcher Käse wird traditionell für Pizza verwendet? Mozzarella
68%
Wie viele Herzen hat ein Oktopus? [Zahl ausschreiben] Drei
67%
Wie heißt der Hund im Mickey Maus Universum? Pluto
67%
Wie viele Glieder hat unser großer Zeh? [Zahl ausschreiben] Zwei
67%
Was behandelt ein Dermatologe? Haut
66%
Wer war der erste Kanzler der Bundesrepublik? Konrad Adenauer
66%
Wie viele Flüsse fließen durch Berlin? [Zahl ausschreiben] Zwei
66%
Nach welchem Insekt ist ein Schwimmstil benannt? Schmetterling
65%
Welches [...] Filmstudio ist bekannt für "Der König der Löwen"? Disney (Walt Disney Animation Studios)
60%
Was ist der Hauptbestandteil von Hummus? Kichererbsen
59%
Welches Würfelspiel verwendet 5 Würfel und zielt darauf ab, bestimmte Kombinationen zu würfeln? Kniffel
59%
Was bedeutet "et cetera"? und die Übrigen / und so weiter
58%
Wer hat den Buchdruck erfunden? Johannes Gutenberg
57%
Welcher Schnaps wird meistens mit dem Land Mexiko in Verbindung gebracht? Tequila
56%
Welches Gas ist der Hauptbestandteil der Erdatmosphäre? Stickstoff
54%
[Zu welcher Kategorie an Nahrung] zählt ein Windbeutel? Gebäck
53%
Was bedeutet GmbH? Gesellschaft mit beschränkter Haftung
53%
Welcher Planet hat die meisten Monde im Sonnensystem? Saturn
52%
Was tischte Jesus seinen Jüngern beim letzten Abendmahl auf? Brot und Wein
49%
Wie heißt der Elefant aus dem gleichnamigen Film, der mit seinen riesigen Ohren fliegen kann? Dumbo
49%
Wie nennt man den unteren Abschluss der menschlichen Wirbelsäule? Steiß
49%
In welchen drei Sportarten muss der Iron Man erfolgreich sein? [Richtige Reihenfolge] Schwimmen, Radfahren, Laufen
48%
Wer war der jüngste Formel-1-Weltmeister? Sebastian Vettel
48%
Was ist Jägermeister? Kräuterlikör
45%
Buchstabiere den Namen der Pflanze, von denen sich Koala hauptsächlich ernährt. Eukalyptus
43%
Berechne das Ergebnis der folgenden Gleichung: 6 + 2 * (5 - 3) [Zahl ausschreiben] Zehn
43%
Circa wie viel Prozent der bodennahen Luft besteht aus Sauerstoff? 21%
41%
Wie viele Geister gibt es bei Pac-Man? [Zahl ausschreiben] Vier
41%
Was ist das Besondere an einem Phoenix? Wiedergeburt / Unsterblichkeit
41%
Wie viele Bezirke hat Berlin? [Zahl ausschreiben] Zwölf
41%
Wie heißt das Spielgerät beim Billiard? Queue
40%
Nenne [zwei] der fünf [ursprünglichen] Nobelpreiskategorien. Physik, Chemie, Medizin, Literatur, Frieden
37%
Wie viele Primzahlen gibt es, die kleiner als 50 sind? 15
36%
Welche Flüsse fließen durch Berlin? Spree, Havel
33%
Was ist der wissenschaftliche Begriff für Pflanzenkunde? Botanik
31%
Welches Bekleidungsunternehmen war ursprünglich unter dem Namen "Blue Ribbon Sports" bekannt? Nike
31%
[RoF] Circa wie viel Prozent der Weltbevölkerung lebt in Asien? 60%
30%
Wie viele Bilder pro Sekunde fotografiert eine Filmkamera üblicherweise? 24
20%
Wie viele Staaten sind Mitglied der Vereinten Nationen? 193
18%
Beim gestiefelten Kater hatte der Müller drei Söhne. Was bekam der jüngste Sohn? Den Gestiefelten Kater
15%
[Welche zwei Eigenschaften] zeichnen einen Zyklopen aus? Riese, ein Auge
15%
Welcher YouTube-Channel hat im Juni 2024 über 26 Millionen Abonnenten dazubekommen? Mr. Beast
13%
Wo fand die TwitchCon Europe [2024] statt? Rotterdam
5%
Keine übereinstimmenden Quizze gefunden
Verteilung der Resultate
Anzahl Personen mit jedem Resultat
Perzentil nach korrekt beantworteten Fragen
Ihre Resultats-Entwicklung
Sie haben dieses Quiz noch nicht gespielt